书目信息 |
| 题名: |
变压器实用技术大全
|
|
| 作者: | 希思科特 , Heathcote 著 ;王晓莺 译 | |
| 分册: | ||
| 出版信息: | 北京 机械工业出版社 2004.04 |
|
| 页数: | 779页 | |
| 开本: | 24cm | |
| 丛书名: | 国外电气工程名著译丛 | |
| 单 册: | ||
| 中图分类: | TM4-62 | |
| 科图分类: | ||
| 主题词: | 变压器--技术手册 | |
| 电子资源: | ||
| ISBN: | 7-111-13819-8 | |
| 000 | 00984nam2 2200301 45 | |
| 001 | 012004000000 | |
| 005 | 20050107151235.27 | |
| 010 | @a7-111-13819-8@dCNY 68.00 | |
| 100 | @a20041110d2004 em y0chiy0121 ea | |
| 101 | 1 | @achi@ceng |
| 102 | @aCN@b110000 | |
| 105 | @aak z 001yy | |
| 200 | 1 | @a变压器实用技术大全@Abian ya qi si yong ji shu da quan@e第12版@f(英)马丁 J. 希思科特(Heathcote, M. J.)著@g王晓莺等译 |
| 210 | @a北京@c机械工业出版社@d2004.04 | |
| 215 | @a779页@c图, 表格@d24cm | |
| 225 | 2 | @a国外电气工程名著译丛 |
| 304 | @a书名原文: The J&P transformer book | |
| 320 | @a本书含附录、索引和参考文献 | |
| 324 | @a原书第12版 | |
| 410 | 0 | @12001 @a国外电气工程名著译丛 |
| 510 | 1 | @aThe J&P transformer book@zeng |
| 606 | 0 | @a变压器@j技术手册 |
| 690 | @aTM4-62@v4 | |
| 701 | 1 | @a希思科特@Axi si ke te@b马丁 J.@4著 |
| 701 | A1 | @aHeathcote@bM. J.@4著 |
| 702 | 0 | @a王晓莺@Awang xiao ying@4译 |
| 801 | 0 | @aCN@bQSSKxf@c20050107 |
| 905 | @a10447@dTM4-62@eM031 | |
| 变压器实用技术大全:第12版/(英)马丁 J. 希思科特(Heathcote, M. J.)著/王晓莺等译.-北京:机械工业出版社,2004.04 |
| 779页:图, 表格;24cm.-(国外电气工程名著译丛) |
| ISBN 7-111-13819-8:CNY 68.00 |
| ● |
| 相关链接 |
|
|
|
正题名:变压器实用技术大全
索取号:TM4-62/M031
 
预约/预借
| 序号 | 登录号 | 条形码 | 馆藏地/架位号 | 状态 | 备注 |
| 1 | 435034 | 204350344 | 自科库301/301自科库 12排2列3层/ [索取号:TM4-62/M031] | 在馆 | |
| 2 | 435035 | 204350353 | 自科库301/301自科库 12排2列3层/ [索取号:TM4-62/M031] | 在馆 |